|
|
|
|
| LEADER |
02806nam a2200661 i 4500 |
| 001 |
nkc20203257183 |
| 003 |
CZ PrNK |
| 005 |
20201111081228.0 |
| 007 |
ta |
| 008 |
201006s2019 xr a f f 000 0 cze |
| 015 |
|
|
|a cnb003257183
|
| 020 |
|
|
|a 978-80-905483-6-7
|q (brožováno)
|
| 035 |
|
|
|a (OCoLC)1226361253
|
| 040 |
|
|
|a OLA001
|b cze
|d ABA001
|e rda
|
| 041 |
0 |
|
|a cze
|b cze
|b eng
|
| 043 |
|
|
|a e-xr---
|
| 072 |
|
7 |
|a 332
|x Regionální ekonomie, regionální ekonomika
|2 Konspekt
|9 4
|
| 080 |
|
|
|a 332:004.89
|2 MRF
|
| 080 |
|
|
|a 332.055.2
|2 MRF
|
| 080 |
|
|
|a 502.131.1
|2 MRF
|
| 080 |
|
|
|a 620.91
|2 MRF
|
| 080 |
|
|
|a 005.21:502.13
|2 MRF
|
| 080 |
|
|
|a (437.3)
|2 MRF
|
| 080 |
|
|
|a (083.744)
|2 MRF
|
| 100 |
1 |
|
|a Pokorný, Jan,
|d 1946-
|7 ola20041203001
|4 aut
|
| 245 |
1 |
0 |
|a Strategie rozvoje energeticky udržitelného regionu :
|b výstupy projektu TE02000077 : technické listy /
|c Jan Pokorný a kolektiv
|
| 246 |
3 |
0 |
|a Výstupy projektu TE02000077
|
| 250 |
|
|
|a 1. vydání
|
| 264 |
|
1 |
|a Třeboň :
|b ENKI, o.p.s.,
|c 2019
|
| 300 |
|
|
|a 66 stran :
|b ilustrace (převážně barevné) ;
|c 25 cm
|
| 336 |
|
|
|a text
|b txt
|2 rdacontent
|
| 337 |
|
|
|a bez média
|b n
|2 rdamedia
|
| 338 |
|
|
|a svazek
|b nc
|2 rdacarrier
|
| 500 |
|
|
|a 100 výtisků
|
| 500 |
|
|
|a Na přední obálce název projektu: Inteligentní regiony - informační modelování budov a sídel, technologie a infrastruktura pro udržitelný rozvoj
|
| 500 |
|
|
|a Na zadní obálce: ENKI, o.p.s. Třeboň; České vysoké učení technické v Praze, Fakulta stavební; Jihočeská univerzita v Českých Budějovicích, Zemědělská fakulta
|
| 504 |
|
|
|a Obsahuje bibliografie
|
| 546 |
|
|
|a České a anglické resumé
|
| 650 |
0 |
7 |
|a chytré regiony
|7 ph1037520
|z Česko
|2 czenas
|
| 650 |
0 |
7 |
|a regionální rozvoj
|7 ph125083
|z Česko
|2 czenas
|
| 650 |
0 |
7 |
|a udržitelný rozvoj
|7 ph126768
|z Česko
|2 czenas
|
| 650 |
0 |
7 |
|a energetické zdroje
|7 ph114469
|z Česko
|2 czenas
|
| 650 |
0 |
7 |
|a environmentální strategie
|7 ph702324
|z Česko
|2 czenas
|
| 650 |
0 |
9 |
|a smart regions
|z Czechia
|2 eczenas
|
| 650 |
0 |
9 |
|a regional development
|z Czechia
|2 eczenas
|
| 650 |
0 |
9 |
|a sustainable development
|z Czechia
|2 eczenas
|
| 650 |
0 |
9 |
|a power resources
|z Czechia
|2 eczenas
|
| 650 |
0 |
9 |
|a environmental strategy
|z Czechia
|2 eczenas
|
| 655 |
|
7 |
|a certifikované metodiky
|7 fd806827
|2 czenas
|
| 655 |
|
9 |
|a certified methodology
|2 eczenas
|
| 710 |
2 |
|
|a ENKI (společnost)
|7 ko2004233461
|4 isb
|
| 710 |
2 |
|
|a České vysoké učení technické v Praze.
|b Stavební fakulta
|7 kn20010710181
|4 res
|
| 710 |
2 |
|
|a Jihočeská univerzita.
|b Zemědělská fakulta
|7 kn20010710226
|4 res
|
| 910 |
2 |
|
|a BOA001
|b 2-1454.847
|
| 990 |
|
|
|a BK
|
| 995 |
|
|
|a 01
|
| 991 |
|
|
|b 202010
|c NOV
|
| 996 |
6 |
|
|b 2610842145
|c 2-1454.847
|l MZK
|r Sklad / do 1 hodiny
|n 1
|p p.v.
|w 001831258
|u 000010
|a 1
|e BOA001
|j MZK50
|s P
|